[Event "Famalicao op 1st"]
[Site "Famalicao"]
[Date "2013.08.29"]
[Round "7.1"]
[White "Viela, Andre Filipe Folha"]
[Black "Martinez Duany, Lelys Stanley"]
[Result "1/2-1/2"]
[WhiteElo "2178"]
[BlackElo "2457"]
[PlyCount "85"]
[EventDate "2013.08.26"]
[EventType "swiss"]
[EventRounds "9"]
[EventCountry "POR"]
[SourceTitle "EXT 2015"]
[Source "ChessBase"]
[SourceDate "2014.11.20"]
[SourceVersion "1"]
[SourceVersionDate "2014.11.20"]
[SourceQuality "1"]

1. d4 Nf6 2. c4 g6 3. Nc3 Bg7 4. e4 d6 5. Nf3 0-0 6. Be2 c5 7. 0-0 cxd4 8. Nxd4 Nc6 9. Be3 Bd7 10. f3 Nxd4 11. Bxd4 a5 12. Qd2 Bc6 13. Rab1 Nd7 14. Be3 a4 15. Rfc1 Nc5 16. b4 axb3 17. axb3 Ra3 18. Bd1 Nd7 19. b4 b6 20. Bb3 Ne5 21. b5 Bb7 22. Na4 f5 23. Qb4 Rxa4 24. Qxa4 Kh8 25. Qa7 Qc8 26. exf5 Rxf5 27. Rf1 Rh5 28. Qxb6 Nd7 29. Qa5 Nc5 30. Bc2 Be5 31. f4 Bf6 32. Bd1 Qe6 33. Qe1 Bxg2 34. Bxc5 Be4 35. Bxh5 gxh5 36. Ba7 h4 37. Rb3 Qxc4 38. Re3 Qg8+ 39. Rg3 Qa8 40. Ra3 Qg8+ 41. Rg3 Qa8 42. Ra3 Qg8+ 43. Rg3 1/2-1/2

[Event "POR-ch prel"]
[Site "Matosinhos"]
[Date "2012.08.11"]
[Round "8.1"]
[White "Viela, Andre Filipe Folha"]
[Black "Martins, David Pires Tavares"]
[Result "1/2-1/2"]
[WhiteElo "2183"]
[BlackElo "2123"]
[PlyCount "168"]
[EventDate "2012.08.04"]
[EventType "swiss"]
[EventRounds "9"]
[EventCountry "POR"]
[SourceTitle "EXT 2015"]
[Source "ChessBase"]
[SourceDate "2014.11.20"]
[SourceVersion "1"]
[SourceVersionDate "2014.11.20"]
[SourceQuality "1"]

1. e4 e6 2. d4 d5 3. Nd2 Nf6 4. e5 Nfd7 5. Bd3 c5 6. c3 Nc6 7. Ne2 cxd4 8. cxd4 f6 9. exf6 Nxf6 10. Nf3 Bd6 11. 0-0 Qc7 12. Bg5 0-0 13. Rc1 Nh5 14. Bb1 g6 15. Re1 Qg7 16. Qd2 Bb4 17. Nc3 Rxf3 18. gxf3 Nxd4 19. Kg2 Bd7 20. Be3 Nc6 21. a3 Bf8 22. Rcd1 Qf7 23. f4 Bg7 24. Ne2 Rd8 25. f3 d4 26. Bf2 e5 27. b4 Bh6 28. Bg3 Be6 29. b5 Ne7 30. Qa5 Rf8 31. Qc7 Bxf4 32. Nxf4 Nxf4+ 33. Bxf4 Qxf4 34. Qxe5 Qxf3+ 35. Kg1 Qf2+ 36. Kh1 Qf3+ 37. Kg1 Qf2+ 38. Kh1 Bg4 39. Be4 Bxd1 40. Rxd1 Qf6 41. Qxd4 Qxd4 42. Rxd4 Rf1+ 43. Kg2 Ra1 44. Ra4 a6 45. bxa6 bxa6 46. Rxa6 Kf7 47. h3 Nf5 48. Bxf5 gxf5 49. a4 Ra3 50. Ra8 Kf6 51. a5 Ke5 52. a6 Kf4 53. a7 Ra2+ 54. Kh1 h5 55. h4 Ra3 56. Kg2 Rg3+ 57. Kf2 Rg7 58. Rh8 Rxa7 59. Rxh5 Ra2+ 60. Kf1 Ke4 61. Rg5 Kf4 62. Rh5 Ra5 63. Kf2 Rb5 64. Rg5 Rb2+ 65. Kf1 Rh2 66. Rh5 Ke4 67. Kg1 Rd2 68. Kf1 f4 69. Ra5 Kf3 70. Ra3+ Kg4 71. h5 Kxh5 72. Rb3 Kg4 73. Ra3 Rh2 74. Kg1 Rb2 75. Kf1 Kf5 76. Ra5+ Ke4 77. Ra4+ Kf3 78. Ra3+ Kg4 79. Rc3 Rb4 80. Ra3 Kf5 81. Kf2 Ke4 82. Rc3 Rb2+ 83. Kf1 Rd2 84. Ra3 Rd3 1/2-1/2

[Event "POR-ch prel"]
[Site "Matosinhos"]
[Date "2012.08.09"]
[Round "6.5"]
[White "Viela, Andre Filipe Folha"]
[Black "Pires, Gustavo"]
[Result "1/2-1/2"]
[WhiteElo "2183"]
[BlackElo "2132"]
[PlyCount "57"]
[EventDate "2012.08.04"]
[EventType "swiss"]
[EventRounds "9"]
[EventCountry "POR"]
[SourceTitle "EXT 2015"]
[Source "ChessBase"]
[SourceDate "2014.11.20"]
[SourceVersion "1"]
[SourceVersionDate "2014.11.20"]
[SourceQuality "1"]

1. e4 e5 2. Nf3 Nc6 3. Bc4 Bc5 4. 0-0 Nf6 5. d3 a6 6. c3 d6 7. Nbd2 0-0 8. h3 Ba7 9. a4 h6 10. Re1 Re8 11. Nf1 Be6 12. Bxe6 Rxe6 13. Ng3 d5 14. Qe2 Qd7 15. a5 Rd8 16. Nf5 dxe4 17. dxe4 Qd3 18. Qxd3 Rxd3 19. Nd2 Re8 20. Nc4 Red8 21. Kf1 Rd1 22. f3 Rxe1+ 23. Kxe1 Nd7 24. b4 Nf8 25. Be3 Bxe3 26. Nfxe3 Ne6 27. Nd5 f6 28. Nce3 Kf7 29. Rd1 1/2-1/2

[Event "POR-ch prel"]
[Site "Matosinhos"]
[Date "2012.08.08"]
[Round "5.2"]
[White "Viela, Andre Filipe Folha"]
[Black "Silva, Luis Neves Da"]
[Result "1/2-1/2"]
[WhiteElo "2183"]
[BlackElo "2115"]
[PlyCount "32"]
[EventDate "2012.08.04"]
[EventType "swiss"]
[EventRounds "9"]
[EventCountry "POR"]
[SourceTitle "EXT 2015"]
[Source "ChessBase"]
[SourceDate "2014.11.20"]
[SourceVersion "1"]
[SourceVersionDate "2014.11.20"]
[SourceQuality "1"]

1. e4 c5 2. Nf3 Nc6 3. Bb5 e5 4. Bxc6 dxc6 5. d3 Bd6 6. 0-0 Ne7 7. Be3 Ng6 8. Nbd2 Qf6 9. Bg5 Qe6 10. Nh4 f6 11. Nf5 Bf8 12. Be3 Qf7 13. Nc4 Qc7 14. Qh5 Be6 15. Nh4 Qf7 16. Nxg6 Qxg6 1/2-1/2

[Event "POR-ch prel"]
[Site "Matosinhos"]
[Date "2012.08.07"]
[Round "4.3"]
[White "Pereira, Antonio Pedro Caram"]
[Black "Viela, Andre Filipe Folha"]
[Result "1/2-1/2"]
[WhiteElo "2089"]
[BlackElo "2183"]
[PlyCount "29"]
[EventDate "2012.08.04"]
[EventType "swiss"]
[EventRounds "9"]
[EventCountry "POR"]
[SourceTitle "EXT 2015"]
[Source "ChessBase"]
[SourceDate "2014.11.20"]
[SourceVersion "1"]
[SourceVersionDate "2014.11.20"]
[SourceQuality "1"]

1. e4 c6 2. d4 d5 3. Nc3 dxe4 4. Nxe4 Bf5 5. Ng3 Bg6 6. N1e2 e6 7. Nf4 Nf6 8. h4 Bd6 9. h5 Bf5 10. Nxf5 exf5 11. Bc4 Qe7+ 12. Qe2 Nbd7 13. f3 Qxe2+ 14. Kxe2 0-0 15. Be3 1/2-1/2

[Event "POR-chT"]
[Site "Torres Vedras"]
[Date "2011.07.29"]
[Round "7.7"]
[White "Carneiro, Carlos Alberto Carv"]
[Black "Viela, Andre Filipe Folha"]
[Result "1-0"]
[WhiteElo "2278"]
[BlackElo "2241"]
[PlyCount "76"]
[EventDate "2011.07.23"]
[EventType "team-swiss"]
[EventRounds "9"]
[EventCountry "POR"]
[SourceTitle "CBM 143 Extra"]
[Source "ChessBase"]
[SourceDate "2011.08.29"]
[SourceVersion "1"]
[SourceVersionDate "2011.08.29"]
[SourceQuality "1"]
[WhiteTeam "Porto Moto"]
[BlackTeam "Dias Ferreira"]
[WhiteTeamCountry "POR"]
[BlackTeamCountry "POR"]

1. d4 e6 2. Nf3 f5 3. g3 Nf6 4. Bg2 d5 5. 0-0 Bd6 6. c4 c6 7. Nc3 0-0 8. b3 Nbd7 9. Bb2 Ne4 10. Nxe4 fxe4 11. Ne5 Nxe5 12. dxe5 Bc5 13. Kh1 Rxf2 14. Rxf2 Bxf2 15. Bxe4 Bd7 16. Bf3 Qe7 17. Qd2 Rf8 18. Rc1 Be8 19. Kg2 Bb6 20. a4 Bg6 21. a5 Bc5 22. cxd5 cxd5 23. Bc3 Qf7 24. b4 Be7 25. Bd4 a6 26. Rc7 Be4 27. Qe3 g5 28. h3 h5 29. Bxe4 dxe4 30. Bc5 Qf1+ 31. Kh2 Bd8 32. Rd7 Rf5 33. Rxd8+ Kh7 34. Qxe4 g4 35. hxg4 hxg4 36. Qxb7+ Rf7 37. Qe4+ Rf5 38. Rd7+ Kh8 1-0

[Event "POR-chT"]
[Site "Torres Vedras"]
[Date "2011.07.26"]
[Round "4.1"]
[White "Viela, Andre Filipe Folha"]
[Black "Luch, Michal"]
[Result "0-1"]
[WhiteElo "2241"]
[BlackElo "2413"]
[PlyCount "42"]
[EventDate "2011.07.23"]
[EventType "team-swiss"]
[EventRounds "9"]
[EventCountry "POR"]
[SourceTitle "CBM 143 Extra"]
[Source "ChessBase"]
[SourceDate "2011.08.29"]
[SourceVersion "1"]
[SourceVersionDate "2011.08.29"]
[SourceQuality "1"]
[WhiteTeam "Dias Ferreira"]
[BlackTeam "Coimbra"]
[WhiteTeamCountry "POR"]
[BlackTeamCountry "POR"]

1. d4 Nf6 2. Nf3 g6 3. c4 Bg7 4. Nc3 0-0 5. e4 d6 6. Be2 e5 7. 0-0 Na6 8. Bg5 h6 9. Bxf6 Qxf6 10. Nd5 Qd8 11. dxe5 dxe5 12. Rc1 c6 13. Ne3 Nc5 14. Qc2 a5 15. Rfd1 Qe7 16. Nd2 f5 17. f3 h5 18. Kf1 Bh6 19. Qc3 Nxe4 20. Qb3 Qc5 21. f4 exf4 0-1

[Event "WUCC op 11th"]
[Site "Zuerich"]
[Date "2010.09.08"]
[Round "5"]
[White "Hoffmann, Paul"]
[Black "Viela, Andre Filipe Folha"]
[Result "1/2-1/2"]
[WhiteElo "2372"]
[BlackElo "2224"]
[PlyCount "119"]
[EventDate "2010.09.05"]
[EventType "swiss"]
[EventRounds "9"]
[EventCountry "SUI"]
[SourceTitle "CBM 138 Extra"]
[Source "ChessBase"]
[SourceDate "2010.10.29"]
[SourceVersion "1"]
[SourceVersionDate "2010.10.29"]
[SourceQuality "1"]

1. g3 c5 2. Bg2 Nc6 3. d3 d5 4. Nd2 e5 5. e4 Nf6 6. Ngf3 Be7 7. exd5 Nxd5 8. Nc4 f6 9. 0-0 0-0 10. Ne3 Be6 11. Re1 Qd7 12. Nd2 Rad8 13. Ndc4 Nd4 14. a4 b6 15. b3 Rfe8 16. Bb2 Nxe3 17. Nxe3 Nf5 18. Bh3 Nxe3 19. Bxe6+ Qxe6 20. Rxe3 Qd5 21. Qg4 Bd6 22. Rae1 Re7 23. Bc3 Rde8 24. Qc4 Qxc4 25. bxc4 a5 26. Kg2 Kf7 27. Bb2 Rd8 28. Ba3 Red7 29. Re4 Bc7 30. Bb2 Bb8 31. Rh4 h6 32. Rhe4 Bc7 33. Kh3 Bb8 34. Kg4 h5+ 35. Kh4 Rh8 36. Bc3 Bc7 37. Kh3 Rhd8 38. Rh4 Rh8 39. Rhe4 Rhd8 40. Kg2 Bd6 41. Kf3 Bc7 42. Ke2 Bd6 43. f3 Bc7 44. Kf2 Rh8 45. Kg2 Bd6 46. Rh4 Rdd8 47. Rhe4 Rd7 48. Bd2 Bc7 49. Bc1 Rd4 50. R4e2 h4 51. f4 hxg3 52. hxg3 Rd7 53. fxe5 Bxe5 54. Bf4 Bxf4 55. gxf4 g6 56. Re6 Rb8 57. Kf2 Rbb7 58. Rc6 Rdc7 59. Rce6 Re7 60. Rxe7+ 1/2-1/2

[Event "WUCC op 11th"]
[Site "Zuerich"]
[Date "2010.09.08"]
[Round "6"]
[White "Viela, Andre Filipe Folha"]
[Black "Kukov, Velislav"]
[Result "1-0"]
[WhiteElo "2224"]
[BlackElo "2395"]
[PlyCount "131"]
[EventDate "2010.09.05"]
[EventType "swiss"]
[EventRounds "9"]
[EventCountry "SUI"]
[SourceTitle "CBM 138 Extra"]
[Source "ChessBase"]
[SourceDate "2010.10.29"]
[SourceVersion "1"]
[SourceVersionDate "2010.10.29"]
[SourceQuality "1"]

1. e4 c6 2. d4 d5 3. exd5 cxd5 4. Bd3 Nc6 5. c3 Nf6 6. Nd2 Bg4 7. Qb3 Qc8 8. Ne2 e6 9. 0-0 Bd6 10. Re1 Bh5 11. Nf1 Bg6 12. Bxg6 hxg6 13. Bf4 Be7 14. Nfg3 Nd7 15. Nc1 0-0 16. Nd3 a6 17. Qd1 Na5 18. a4 b6 19. Nf1 Nc4 20. Nd2 Qc6 21. Nxc4 dxc4 22. Ne5 Nxe5 23. Bxe5 b5 24. b4 a5 25. axb5 Qxb5 26. bxa5 Rxa5 27. Rb1 Qa6 28. Qf3 Ra8 29. h3 Rd5 30. Kh2 Rad8 31. Qe2 Qc6 32. Qb2 Bf6 33. Bxf6 gxf6 34. Qb6 Qa4 35. Rb4 Qc2 36. Rxe6 fxe6 37. Qxe6+ Kg7 38. Rb7+ Kh6 39. Qxf6 Qf5 40. Qg7+ Kg5 41. Rf7 R8d7 42. Rxf5+ Kxf5 43. Qf8+ Ke6 44. Qc8 Kf6 45. Qxc4 R5d6 46. Qd3 Rd5 47. Qe4 R5d6 48. g4 Kf7 49. Kg3 Rd5 50. f4 R5d6 51. f5 gxf5 52. Qxf5+ Kg7 53. h4 Re7 54. d5 Re3+ 55. Kf2 Re7 56. Qg5+ Kf7 57. h5 Rc7 58. Qe5 Rf6+ 59. Kg3 Re7 60. Qd4 Rd7 61. c4 Rb7 62. d6 Rb3+ 63. Kh4 Rf1 64. d7 Rh1+ 65. Kg5 Rbh3 66. Qf6+ 1-0

[Event "WUCC op 11th"]
[Site "Zuerich"]
[Date "2010.09.05"]
[Round "1"]
[White "Burg, Twan"]
[Black "Viela, Andre Filipe Folha"]
[Result "0-1"]
[WhiteElo "2455"]
[BlackElo "2224"]
[PlyCount "114"]
[EventDate "2010.09.05"]
[EventType "swiss"]
[EventRounds "9"]
[EventCountry "SUI"]
[SourceTitle "CBM 138 Extra"]
[Source "ChessBase"]
[SourceDate "2010.10.29"]
[SourceVersion "1"]
[SourceVersionDate "2010.10.29"]
[SourceQuality "1"]

1. e4 c6 2. d4 d6 3. Nc3 Nd7 4. Nf3 e5 5. Bc4 Be7 6. 0-0 Ngf6 7. a4 0-0 8. Re1 b6 9. d5 c5 10. Bf1 Ne8 11. a5 Rb8 12. axb6 axb6 13. Bb5 Nc7 14. Bc6 Nf6 15. b4 cxb4 16. Na2 Na6 17. Rb1 Bd7 18. Qe2 Qc8 19. Bxd7 Nxd7 20. Nxb4 Nxb4 21. Rxb4 Nc5 22. Be3 Qd7 23. Nd2 Rfc8 24. Nc4 Bd8 25. Na3 Ra8 26. Nb5 Ra2 27. Nc3 Ra3 28. Bd2 Na4 29. Nb5 Ra2 30. Rc1 h6 31. Qd3 Nc5 32. Qc4 Raa8 33. Qe2 Ra4 34. Rxa4 Nxa4 35. c4 Nb2 36. Qf1 Bg5 37. Bxg5 hxg5 38. Rc2 Na4 39. Ra2 Nc5 40. Ra7 Qd8 41. f3 Qf6 42. h3 Nb3 43. Qd3 Na5 44. Na3 Qf4 45. Qc3 Nxc4 46. Ra4 b5 47. Rb4 Nb6 48. Qb2 Rc1+ 49. Kf2 Rd1 50. Qc3 Qh2 51. Nc2 Nc4 52. Rxc4 bxc4 53. Ne3 Qg1+ 54. Kg3 Rd3 55. Qxc4 Qxe3 56. Qc8+ Kh7 57. Qf5+ Kh6 0-1